000 00436pab a2200157 454500
008 180718b2010 xxu||||| |||| 00| 0 eng d
100 _aKiriti-Nganga, Tabitha W.
245 _aSocio economic determinants of family size in Nyeri district of rural Kenya
260 _c2010
300 _ap.29-43.
650 _aFamily size - Kenya
650 _aFamily size
773 _aRegional Development Studies
908 _aN
909 _a95691
999 _c95691
_d95691